| 000 | 00505nam a22001577a 4500 | ||
|---|---|---|---|
| 005 | 20231129124614.0 | ||
| 008 | 231129b |||||||| |||| 00| 0 eng d | ||
| 041 | _aEnglish | ||
| 082 | _a340.06 STR | ||
| 100 |
_aBuys, P ; Mackenzie, J and Ferreira, M _lEnglish |
||
| 245 |
_aStrategic Marketing Workshop for Attorneys / _cP Buys, J Mackenzie and M Ferreira |
||
| 260 | _c1992 | ||
| 300 |
_b148 pages ; _c30,3 cm. |
||
| 650 |
_aLegal practice _bLaw |
||
| 942 |
_cBK _6ALISON_BN_VRIES |
||
| 999 |
_c1047 _d1047 |
||